<?xml version="1.0" encoding="UTF-8"?>
<record
    xmlns:xsi="http://www.w3.org/2001/XMLSchema-instance"
    xsi:schemaLocation="http://www.loc.gov/MARC21/slim http://www.loc.gov/standards/marcxml/schema/MARC21slim.xsd"
    xmlns="http://www.loc.gov/MARC21/slim">

  <leader>05016nab a22008897  4500</leader>
  <controlfield tag="003">AR-RoUNA</controlfield>
  <datafield tag="022" ind1=" " ind2=" ">
    <subfield code="a">0327-9022</subfield>
  </datafield>
  <datafield tag="040" ind1=" " ind2=" ">
    <subfield code="a">AR-RoUNA</subfield>
    <subfield code="b">spa</subfield>
  </datafield>
  <datafield tag="041" ind1=" " ind2=" ">
    <subfield code="a">spa</subfield>
  </datafield>
  <datafield tag="044" ind1=" " ind2=" ">
    <subfield code="a">ag</subfield>
  </datafield>
  <datafield tag="245" ind1=" " ind2=" ">
    <subfield code="a">Summa+</subfield>
  </datafield>
  <datafield tag="260" ind1=" " ind2=" ">
    <subfield code="a">Buenos Aires (Argentina):</subfield>
    <subfield code="c">Donn SA,</subfield>
    <subfield code="b">1993.</subfield>
  </datafield>
  <datafield tag="300" ind1=" " ind2=" ">
    <subfield code="a">176 p. :</subfield>
    <subfield code="b">il. byn.</subfield>
    <subfield code="b">planos</subfield>
    <subfield code="c">34X25 cm.</subfield>
  </datafield>
  <datafield tag="505" ind1="0" ind2=" ">
    <subfield code="t">INDICE</subfield>
  </datafield>
  <datafield tag="505" ind1="0" ind2=" ">
    <subfield code="t">ARCHITECTURA Y AUTOMOVILES</subfield>
  </datafield>
  <datafield tag="505" ind1="0" ind2=" ">
    <subfield code="t">LUZ Y VELOCIDAD - OFICINA  DE ARQUITECTURA PROYECTOS CORPORATIVOS</subfield>
  </datafield>
  <datafield tag="505" ind1="0" ind2=" ">
    <subfield code="a">Brahm;Bonomi; Leturia; Bartolom&#xE9;; De la Jarra arqs. / Centro de Atenci&#xF3;n de emergencias CAE-SUR, Santiago de Chile, Chile, 2004. p. 66</subfield>
  </datafield>
  <datafield tag="505" ind1="0" ind2=" ">
    <subfield code="a">Brahm;Bonomi; Leturia; Bartolom&#xE9;; De la Jarra arqs. / Centro de atenci&#xF3;n de emergencias CAE-NORTE, Santiago Chile, 2004. p. 72</subfield>
  </datafield>
  <datafield tag="505" ind1="0" ind2=" ">
    <subfield code="t">EL GARAGE INVISIBLE</subfield>
  </datafield>
  <datafield tag="505" ind1="0" ind2=" ">
    <subfield code="a">Angelo Bucci, Fernando de Mello Franco, Marta Moreria E milton Braga / Garage Trianon, San Pablo, Brasil, 1999. p. 76</subfield>
  </datafield>
  <datafield tag="505" ind1="0" ind2=" ">
    <subfield code="t">IMAGEN Y SEMEJANZA</subfield>
  </datafield>
  <datafield tag="505" ind1="0" ind2=" ">
    <subfield code="a">Feferbaum Naszewski &amp; Asociados / Audi Driving Experience Caril&#xF3;, Buenos Aires, Argentina, 2004. p. 80</subfield>
  </datafield>
  <datafield tag="505" ind1="0" ind2=" ">
    <subfield code="a">Feferbaum Naszewski &amp; Asociados, Curland Larroca /  Audi Zentrum Pilar,  Buenos Aires, Argentina, 2005. p. 82</subfield>
  </datafield>
  <datafield tag="505" ind1="0" ind2=" ">
    <subfield code="a">Feferbaum Naszewski &amp; Asociados / Audi Lounge, Buenos Aires, Argentina., 2005. p. 86</subfield>
  </datafield>
  <datafield tag="505" ind1="0" ind2=" ">
    <subfield code="t">ARQUITECTURA - EXPOSICION</subfield>
  </datafield>
  <datafield tag="505" ind1="0" ind2=" ">
    <subfield code="a">Gabriel Biagioni y Javier Mendiondo / Argentina, nueva arquitectura: muestra en Santa Fe. p. 90</subfield>
  </datafield>
  <datafield tag="505" ind1="0" ind2=" ">
    <subfield code="t">CRITICA ARQUITECTONICA - TEXTOS</subfield>
  </datafield>
  <datafield tag="505" ind1="0" ind2=" ">
    <subfield code="a">Roberto Fern&#xE1;ndez / Diez apuntes sobre una mutaci&#xF3;n: a prop&#xF3;sito de la muestra argentina / Nueva arquitectura. p. 92</subfield>
  </datafield>
  <datafield tag="505" ind1="0" ind2=" ">
    <subfield code="a">Pablo Beitia, Museo Xul Solar, Buenos Aires, Argentina. p. 93</subfield>
  </datafield>
  <datafield tag="505" ind1="0" ind2=" ">
    <subfield code="a">Esteban Bondone y Ian Dutari arqs. / Parque de las Naciones, Snl Luis, Argentina. p. 93</subfield>
  </datafield>
  <datafield tag="505" ind1="0" ind2=" ">
    <subfield code="a">Marcelo Perazzo / Jard&#xED;n de los Ni&#xF1;os "Juan Elena Blanco", Rosario, Santa Fe, Argentina. p.94</subfield>
  </datafield>
  <datafield tag="505" ind1="0" ind2=" ">
    <subfield code="a">Claudio Vekstein y Marta Tello / Instituto Municipal de Rehabilitaci&#xF3;n de Vicente L&#xF3;pez, Buenos Aires, Argentina. p. 95</subfield>
  </datafield>
  <datafield tag="505" ind1="0" ind2=" ">
    <subfield code="t">JEAN NOUVEL / MIRALLES - TAGLIABUE</subfield>
  </datafield>
  <datafield tag="505" ind1="0" ind2=" ">
    <subfield code="a">Fredy Massad y Alicia Guerrero Yeste / Color, sustancia y superficie: a prop&#xF3;sito De La Torre Agbar y el mercado de Santa Caterina. p. 96</subfield>
  </datafield>
  <datafield tag="505" ind1="0" ind2=" ">
    <subfield code="a">Jean Nouvel Ateliers / Torre Agbar, Barcelona, Espa&#xF1;a, 1995. p. 98</subfield>
  </datafield>
  <datafield tag="505" ind1="0" ind2=" ">
    <subfield code="a">Jean Nouvel Ateliers / EMBT, Mercado de Santa Caterina, Barcelona, Espa&#xF1;a. p. 107</subfield>
  </datafield>
  <datafield tag="505" ind1="0" ind2=" ">
    <subfield code="t">BARCELONA</subfield>
  </datafield>
  <datafield tag="505" ind1="0" ind2=" ">
    <subfield code="a">Enric Miralles y Benedetta Tagliabue, (EMBT) arquitectes associats / Restauraci&#xF3;n del mercado de Santa Caterina, Barcelona, Espa&#xF1;a. p.108</subfield>
  </datafield>
  <datafield tag="505" ind1="0" ind2=" ">
    <subfield code="t">MEDIOS DE REPRESENTACI&#xD3;N - EL MODELO</subfield>
  </datafield>
  <datafield tag="505" ind1="0" ind2=" ">
    <subfield code="a">Liliana Bonvecchi / Entre la fascinaci&#xF3;n y lo pr&#xE1;ctico: la importancia del modelo. p. 120</subfield>
  </datafield>
  <datafield tag="505" ind1="0" ind2=" ">
    <subfield code="a">Jos&#xE9; Antonio Gonz&#xE1;lez y Florencia Rodr&#xED;guez / El taller Gehry. p. 122</subfield>
  </datafield>
  <datafield tag="505" ind1="0" ind2=" ">
    <subfield code="a">Mariano Clusellas, Cristian O&#xB4;Connor / Renovaci&#xF3;n interior, San Isidro, Buenos Aires, Argentina, 2003. p. 126</subfield>
  </datafield>
  <datafield tag="505" ind1="0" ind2=" ">
    <subfield code="a">Bernstein y Klotz Magdalena Bernstein, Mathias Klotz Arqs / De granero a vivienda: Corral&#xF3;n Aculeo, Paine, Chile, 2004. p. 130</subfield>
  </datafield>
  <datafield tag="505" ind1="0" ind2=" ">
    <subfield code="a">Patricia Tetzlaff / Bienal de arquitectura de Rotterdam. p. 134</subfield>
  </datafield>
  <datafield tag="505" ind1="0" ind2=" ">
    <subfield code="t">AL-CARIBE REPORT - BIENAL DE ROTTERDAM</subfield>
  </datafield>
  <datafield tag="505" ind1="0" ind2=" ">
    <subfield code="a">Durante la bienal de Rotterdam, el grupo Supersudaca recibi&#xF3;el Premio Al Mejor Proyecto por el trabajo Al-Caribe. p. 138</subfield>
  </datafield>
  <datafield tag="505" ind1="0" ind2=" ">
    <subfield code="t">REPORTAJE - FRAGMENTOS</subfield>
  </datafield>
  <datafield tag="505" ind1="0" ind2=" ">
    <subfield code="a">Eugenia M. Fr&#xED;as-Moreno / Resultados del concurso Les Halles. p. 142</subfield>
  </datafield>
  <datafield tag="505" ind1="0" ind2=" ">
    <subfield code="a">Entrevista a David Mangin por Eugenia Fr&#xED;as-Moreno. p. 142</subfield>
  </datafield>
  <datafield tag="505" ind1="0" ind2=" ">
    <subfield code="t">DISE&#xD1;O INTERIOR </subfield>
  </datafield>
  <datafield tag="505" ind1="0" ind2=" ">
    <subfield code="a">Cayetana Merc&#xE9; / Casa FOA 2005, otra vuelta de lofts. p. 146</subfield>
  </datafield>
  <datafield tag="505" ind1="0" ind2=" ">
    <subfield code="t">FOTOGRAF&#xCD;A - ESTEBAN PASTORINO DIAZ</subfield>
  </datafield>
  <datafield tag="505" ind1="0" ind2=" ">
    <subfield code="a">Florencia Rodr&#xED;guez / Tr&#xE1;nsito. p.  162</subfield>
  </datafield>
  <datafield tag="505" ind1="0" ind2=" ">
    <subfield code="t">FRAGMENTOS - DISQUISICIONES</subfield>
  </datafield>
  <datafield tag="505" ind1="0" ind2=" ">
    <subfield code="a">Rafael E. J. Iglesia / Aqu&#xED; y all&#xE1;. p. 166</subfield>
  </datafield>
  <datafield tag="505" ind1="0" ind2=" ">
    <subfield code="a">Till W&#xF6;hler / La sala resonante: una casa donde habita el sonido. p. 168</subfield>
  </datafield>
  <datafield tag="505" ind1="0" ind2=" ">
    <subfield code="a">Son-O House de Nox / Lars Spuybrock. p. 168</subfield>
  </datafield>
  <datafield tag="505" ind1="0" ind2=" ">
    <subfield code="t">FRAGMENTOS - TEXTURAS</subfield>
  </datafield>
  <datafield tag="505" ind1="0" ind2=" ">
    <subfield code="a">Roberto Fern&#xE1;ndez / Arquitecturas mentales. p. 170</subfield>
  </datafield>
  <datafield tag="505" ind1="0" ind2=" ">
    <subfield code="a">Donald Judd, Stark, pieza de pared, 1965. p. 170</subfield>
  </datafield>
  <datafield tag="505" ind1="0" ind2=" ">
    <subfield code="t">FRAGMENTOS - REVELACIONES</subfield>
  </datafield>
  <datafield tag="505" ind1="0" ind2=" ">
    <subfield code="a">Mario Sabugo / Una casa no es una casa.p. 174</subfield>
  </datafield>
  <datafield tag="505" ind1="0" ind2=" ">
    <subfield code="t"> POST-SCRIPTUM</subfield>
  </datafield>
  <datafield tag="505" ind1="0" ind2=" ">
    <subfield code="a">Hugo Segana / Brasilia: la flor que dej&#xF3; el invernadero. p.176</subfield>
  </datafield>
  <datafield tag="600" ind1=" " ind2="0">
    <subfield code="9">1809</subfield>
    <subfield code="a">Bucci, Angelo, </subfield>
    <subfield code="d">1963-.</subfield>
  </datafield>
  <datafield tag="600" ind1=" " ind2="0">
    <subfield code="a">Nouvel, Jean, </subfield>
    <subfield code="d">1945-.</subfield>
    <subfield code="9">3129</subfield>
  </datafield>
  <datafield tag="600" ind1=" " ind2="7">
    <subfield code="9">2388</subfield>
    <subfield code="a">Gehry, Frank O.</subfield>
    <subfield code="d">1929-</subfield>
  </datafield>
  <datafield tag="600" ind1=" " ind2="0">
    <subfield code="9">19702</subfield>
    <subfield code="a">Mangin, David.</subfield>
  </datafield>
  <datafield tag="600" ind1=" " ind2="0">
    <subfield code="9">27270</subfield>
    <subfield code="a">W&#xF6;hler, Till,</subfield>
    <subfield code="d">1968-</subfield>
  </datafield>
  <datafield tag="650" ind1=" " ind2=" ">
    <subfield code="a">Arquitectura contempor&#xE1;nea</subfield>
  </datafield>
  <datafield tag="650" ind1=" " ind2=" ">
    <subfield code="a">Reciclajes</subfield>
    <subfield code="9">6981</subfield>
  </datafield>
  <datafield tag="773" ind1="0" ind2=" ">
    <subfield code="a">Summa+</subfield>
    <subfield code="d">Buenos Aires, Argentina</subfield>
    <subfield code="g">N&#xBA;76 (nov-2005), p.176</subfield>
    <subfield code="x">0327-9022</subfield>
  </datafield>
  <datafield tag="908" ind1=" " ind2=" ">
    <subfield code="a">Imp</subfield>
  </datafield>
  <datafield tag="942" ind1=" " ind2=" ">
    <subfield code="2">udc</subfield>
    <subfield code="c">ART</subfield>
  </datafield>
  <datafield tag="945" ind1=" " ind2=" ">
    <subfield code="d">2022-07-08</subfield>
  </datafield>
  <datafield tag="980" ind1=" " ind2=" ">
    <subfield code="6">138</subfield>
    <subfield code="a">Carolina Rainero</subfield>
    <subfield code="8">5</subfield>
    <subfield code="g">Mar&#xED;a Machado</subfield>
  </datafield>
  <datafield tag="999" ind1=" " ind2=" ">
    <subfield code="c">12031</subfield>
    <subfield code="d">12031</subfield>
  </datafield>
  <datafield tag="952" ind1=" " ind2=" ">
    <subfield code="0">0</subfield>
    <subfield code="1">0</subfield>
    <subfield code="2">udc</subfield>
    <subfield code="4">0</subfield>
    <subfield code="7">0</subfield>
    <subfield code="a">AR-RoUNA</subfield>
    <subfield code="b">AR-RoUNA</subfield>
    <subfield code="c">Heme</subfield>
    <subfield code="d">2025-06-23</subfield>
    <subfield code="e">Don</subfield>
    <subfield code="l">0</subfield>
    <subfield code="p">1002694</subfield>
    <subfield code="r">2025-06-23</subfield>
    <subfield code="t">ej. 1</subfield>
    <subfield code="w">2025-06-23</subfield>
    <subfield code="y">ART</subfield>
    <subfield code="k">K6</subfield>
    <subfield code="x"></subfield>
  </datafield>
</record>
